[Event "Stay Safe Play From Home 149"]
[Site "T#646041Emanuel Laske"]
[Date "2020.05.14"]
[Round "1"]
[White "Mepe_Nika"]
[Black "Shatarchin7"]
[Result "1-0"]
[WhiteElo "2250"]
[BlackElo "2288"]
[Annotator "TA"]
[PlyCount "46"]
[EventDate "2020.05.14"]
[EventType "swiss (blitz)"]

{[%evp 11,46,14,20,9,9,-108,-33,-240,-11,-15,-14,-41,-16,-25,0,-61,69,59,79,74,67,76,82,56,64,29,33,24,75,70,97,98,265,139,29991,29992,29999]} 1. e4 c5 2. Nc3 Nc6 3. Bb5 Nd4 4. Nf3 g6 5. O-O Bg7 6. Bc4 e6 7. d3 {B31: Sicilian: 2...Nc6 3 Bb5 g6.} Ne7 8. Be3 (8. Bf4 $11 {keeps the balance.}) 8... O-O {[#]} (8... d5 $17 9. exd5 exd5 10. Bb5+ Nxb5 11. Nxb5 a6) 9. a4 $146 (9. Bf4 $15) ({Predecessor:} 9. Bxd4 cxd4 10. Ne2 Nc6 11. a3 a6 12. Rb1 Qc7 13. b4 b5 14. Bb3 Bb7 15. Qe1 {0-1 (47) Grzywacz,R (1653)-Kulpinski,P (1876) Ustron 2019}) 9... Nxf3+ $2 (9... d5 $19 10. exd5 exd5) 10. Qxf3 $11 b6 11. e5 Rb8 12. Bf4 $1 Bb7 13. Qh3 (13. Qe2 $11) 13... d5 (13... Nf5 $15) 14. exd6 $14 Nf5 {[#]} 15. Ne4 $1 $36 {[%mdl 2048] White is in control.} Bxe4 16. dxe4 Nxd6 {Threatens to win with ...e5.} 17. Rad1 e5 18. Bh6 Qe7 19. Bd5 Rfd8 (19... Bxh6 $11 20. Qxh6 Kh8) 20. Rd3 $16 Bxh6 21. Qxh6 c4 $2 (21... Qf6 $16 {was called for.}) 22. Rf3 (22. Rh3 $18 Qf6 23. Qxh7+ Kf8 24. Rf3) 22... Rf8 $2 {[%mdl 8192] [#]} (22... Qf8 $16 23. Qg5 Rd7) 23. Rh3 {[%csl Gh3][%cal Rh6h7]} Qf6 {Accuracy: White = 35%, Black = 29%.} 1-0

[Event "Stay Safe Play From Home 149"]
[Site "T#646041Emanuel Laske"]
[Date "2020.05.14"]
[Round "1"]
[White "Weltszmerc"]
[Black "Trotsky"]
[Result "1-0"]
[WhiteElo "2096"]
[BlackElo "1643"]
[Annotator "TA"]
[PlyCount "49"]
[EventDate "2020.05.14"]
[EventType "swiss (blitz)"]

{[%evp 10,49,30,25,41,28,87,78,241,242,403,345,346,330,321,290,419,318,552,531,477,468,533,511,508,370,408,408,413,412,409,395,476,472,504,506,2013,1104,2968,1075,6270,5210]} 1. d4 d5 2. c4 e6 3. Nf3 c5 4. g3 Nc6 5. cxd5 exd5 6. Bg2 Be6 {D30: Queen's Gambit Declined: Systems without Nc3.} 7. O-O c4 {[#]} (7... Be7 $11 {keeps the balance.}) 8. b3 $146 ({Predecessor:} 8. Nc3 Nf6 9. Bg5 Be7 10. Re1 h6 11. Bf4 a6 12. Ne5 O-O 13. Nxc6 bxc6 14. e4 Qb6 15. exd5 cxd5 16. Qd2 Bb4 {½-½ (42) Murin,P (2026)-Sarocky,L (1838) Namestovo 2017}) 8... Qc7 $2 {[#]} (8... cxb3 $16 {was worth a try.} 9. Qxb3 Rb8) 9. bxc4 $18 Bd6 $2 (9... Bb4 {was necessary.} 10. a3 Ba5) 10. cxd5 Bxd5 11. Nc3 Bxf3 12. Bxf3 a6 (12... Nge7 $142 13. Nb5 Qd7 14. Nxd6+ Qxd6) 13. Ne4 Qd8 $2 {[#]} (13... Nge7 {was called for.} 14. Rb1 b5) 14. Nxd6+ Qxd6 15. Bf4 Qd7 16. d5 Nce7 17. Qb3 Nf6 18. d6 Nc6 19. Qe3+ Kf8 20. Rab1 Re8 21. Qb6 {White is clearly winning.} h5 22. Qxb7 Qh3 (22... Nd4 $142 23. Qxa6 Nxf3+ 24. exf3 Kg8) 23. Qxc6 h4 24. d7 Rd8 25. Rb8 {Black did not feel at home in the position after the opening. Accuracy: White = 64%, Black = 23%.} 1-0

[Event "Stay Safe Play From Home 149"]
[Site "T#646041Emanuel Laske"]
[Date "2020.05.14"]
[Round "1"]
[White "SoulofWolf"]
[Black "Chesstiger9"]
[Result "1-0"]
[WhiteElo "2095"]
[BlackElo "1957"]
[Annotator "TA"]
[PlyCount "85"]
[EventDate "2020.05.14"]
[EventType "swiss (blitz)"]

{[%evp 14,85,-60,-77,-57,-96,-47,-108,-59,-121,-43,-93,-89,-102,-54,-141,-85,-178,-140,-204,-207,-297,-287,-312,-309,-315,-270,-274,-277,-359,-356,-331,-315,-350,-335,-377,-332,-344,-258,-434,-394,-430,71,66,75,-216,-236,-237,-219,-250,-248,-232,-199,-199,-193,-240,-60,-72,127,126,126,-96,0,-295,75,8,33,-32,87,87,72,0,0,0]} 1. e4 c5 2. Nc3 e6 3. f4 Nc6 4. Nf3 d5 5. exd5 exd5 6. d3 Nf6 7. Be2 Be7 8. O-O O-O {B23: Closed Sicilian: Lines without g3.} 9. Kh1 {[#]} h6 $146 ({Predecessor:} 9... Re8 10. d4 c4 11. Qe1 Bf5 12. Bd1 Bd6 13. Qf2 Qc7 14. g3 Re7 15. Be3 Rae8 16. Re1 {½-½ (40) Pham,C (1269)-White,N (1371) London 2019}) 10. a4 (10. Ne5 $15) 10... Be6 {Black is better.} 11. Nb5 (11. d4 $15) 11... Qd7 (11... a6 $17 12. Nc3 d4) 12. Bd2 a6 13. Nc3 Rfe8 14. Be1 (14. Ne5 $15 Qc7 15. Nxc6 bxc6 16. a5) 14... Rad8 (14... d4 $142 15. Ne4 Nd5) 15. Bf2 (15. Ne5 $17 Qc7 16. Nxc6 Qxc6 17. Bf3) 15... d4 16. Nb1 (16. Ne4 $17) 16... Nd5 17. Bg3 (17. Ne5 $142 Nxe5 18. fxe5) 17... Ne3 18. Qd2 Nxf1 19. Bxf1 f5 20. Na3 Bd5 21. Re1 Bxf3 22. gxf3 Bf6 23. Rd1 Qd5 24. Qg2 Re3 25. Bf2 Rxf3 26. Bg1 $2 (26. Kg1 {was called for.}) 26... Re8 27. Nc4 {Black should prevent Nd2.} Rd8 $2 (27... Nb4 $19 28. c3 dxc3 29. bxc3 Bxc3) 28. Nb6 $16 {[#]} Rxf1 $1 29. Qxd5+ $4 {[%mdl 8192]} (29. Nxd5 $16 {is forced if you want to stay better.} Rxd1 30. Nxf6+ Kf7 31. Nh5) (29. Rxf1 Qxg2+) 29... Rxd5 $19 30. Rxf1 Rd8 31. Re1 Kf7 32. Kg2 Re8 33. Rxe8 Kxe8 {[%mdl 4096] Endgame KBN-KBN} 34. Nc4 Ne7 $2 (34... Kd7 $19 {And now ...Nb4 would win.} 35. Na3 Nb4) 35. Nd6+ $15 Kf8 $2 (35... Kd7 $17 {keeps the pressure on.} 36. Nxb7 Kc6 37. Na5+ Kd5) 36. Nxb7 $16 Nd5 37. Kf3 $2 (37. Nxc5 $16 {is necessary to keep the advantage.} Ke7 38. Nxa6) 37... Nb4 (37... Be7 $17 38. c3 dxc3 39. bxc3 Nxc3 40. Nxc5 Bxc5 41. Bxc5+ Kf7) 38. c3 $2 {[%mdl 8192]} (38. Nxc5 $11 {and White stays safe.} Ke7 39. Ke2) 38... Nc2 $2 ({Not} 38... dxc3 39. Bxc5+ Kf7 40. bxc3 $15) (38... Nxd3 $19 {Hoping for ...Ke7.} 39. cxd4 cxd4) 39. cxd4 (39. Nxc5 $16 {Threatens to win with c4.} dxc3 40. bxc3) 39... cxd4 40. Nd6 ({Better is} 40. Nc5 $14) 40... Nb4 (40... g6 $1 $15) 41. Nxf5 {Ke4 is the strong threat.} Nxd3 {[#]} 42. Nxd4 (42. b3 $1 $16) 42... Nxb2 $11 43. Ne6+ {[%mdl 32768] Black had all chances to win. Accuracy: White = 21%, Black = 34%. . Loss on time!?} 1-0

[Event "Stay Safe Play From Home 149"]
[Site "T#646041Emanuel Laske"]
[Date "2020.05.14"]
[Round "1"]
[White "Käptn"]
[Black "Popovic Milan"]
[Result "0-1"]
[WhiteElo "2079"]
[BlackElo "2669"]
[Annotator "TA"]
[PlyCount "122"]
[EventDate "2020.05.14"]
[EventType "swiss (blitz)"]

{[%evp 9,121,21,31,5,5,8,26,3,29,-8,-12,-33,-49,-33,52,-60,-66,-56,-36,-37,-12,-42,-21,-44,-62,-116,-71,-177,-177,-159,-160,-183,-184,-206,-206,-209,-201,-196,-175,-241,-185,-245,-226,-291,-281,-332,-210,-209,-226,-221,-157,-239,-193,-195,-159,-258,-145,-138,0,-237,-229,-292,-198,-194,-89,-125,-110,-127,-95,-94,-31,-614,-592,-600,-604,-750,-735,-1442,-1425,-1541,-1535,-2060,-2015,-1784,-1741,-29984,-29985,-29985,-29986,-29987,-29986,-29986,-29987,-29989,-29988,-29988,-29987,-29987,-29988,-29988,-29989,-29989,-29990,-29991,-29992,-29996,-29997,-29997,-29997,-29997,-29998,-29998,-29999,-29999]} 1. c4 g6 2. g3 Bg7 3. Bg2 Nf6 4. Nc3 O-O 5. d4 c5 6. e3 {E61: King's Indian: Early deviations for White, including Smyslov System.} cxd4 7. exd4 Nc6 8. Nge2 {White has an edge.} e5 $5 {[%mdl 4] [#] Exploring less charted territory.} 9. Be3 $146 ({Predecessor:} 9. dxe5 Nxe5 10. b3 a6 11. O-O Qc7 12. Ba3 Re8 13. Bd6 Qa5 14. Rb1 Nc6 15. b4 {1-0 (37) Mueller,L (1873)-Carbol,O (1683) Ostrava 2014}) 9... Ng4 10. d5 Nxe3 11. fxe3 Nb8 ({Black should try} 11... Ne7 $15) 12. e4 ({White must play} 12. d6 $1 $14) 12... d6 $15 13. O-O Qb6+ 14. Kh1 Qxb2 15. Rb1 Qa3 16. Nb5 $1 {[%cal Rb5a3]} Qc5 17. Qa4 (17. Nec3 $15) 17... Na6 18. Qa3 (18. Nc1 $17 {keeps fighting.}) 18... Qxa3 $19 ({Don't play} 18... Qxc4 19. Qf3 $15) 19. Nxa3 Nc5 20. Nb5 {[#]} Rd8 $1 21. Nc7 Rb8 22. Nb5 a6 23. Nbc3 Bd7 24. Rfc1 (24. Rb6 {was called for.}) 24... Bf8 25. Bf1 (25. Rb6 $142) 25... Rdc8 26. Ng1 f5 27. exf5 gxf5 28. Nf3 Bh6 29. Rc2 f4 {Hoping for ...Bf5.} 30. Nh4 (30. Rb6 $17) 30... fxg3 31. hxg3 Be3 32. Kg2 (32. Kh2 $17) 32... Bd4 (32... Rf8 $19 33. Kh2 Bg5) 33. Ne2 $17 Be3 (33... Rf8 $17 {Threatens to win with ...Rf2+.} 34. Nxd4 exd4) 34. Nc3 $1 $19 Bg5 35. Nf3 Bh6 {White must now prevent ...Bf5.} 36. Rb6 Bf8 (36... e4 $19 {has better winning chances.} 37. Nd2 Bf5 38. Rxd6 e3 39. Rxh6 Bxc2) 37. Nh4 Rc7 38. Rf2 Be8 39. Nf5 Nd7 (39... Bg6 $17 40. g4 Rd8) 40. Nxd6 $2 {[%mdl 8192] Now White is beyond hope.} (40. Rbb2 $15) 40... Nxb6 41. Nxe8 Rxe8 42. c5 Bxc5 43. Ne4 Bxf2 44. Nf6+ Kf8 45. Nxe8 Kxe8 46. Kxf2 Rf7+ 47. Ke3 Rxf1 {Black mates.} 48. Ke4 {[#]} Nxd5 $1 49. Kxd5 Ra1 50. Kxe5 Rxa2 {[%mdl 4096] Endgame KR-KP} 51. Kf4 Rg2 52. Kf3 {[#]} Rxg3+ $1 53. Kxg3 {KP-KP} a5 54. Kg4 a4 55. Kg5 a3 56. Kh6 a2 57. Kg7 a1=Q+ 58. Kxh7 Qg1 59. Kh6 Kf7 {[%csl Gf7][%cal Rg1g6]} 60. Kh5 Qg3 61. Kh6 Qg6# {Accuracy: White = 50%, Black = 54%.} 0-1

[Event "Stay Safe Play From Home 149"]
[Site "T#646041Emanuel Laske"]
[Date "2020.05.14"]
[Round "1"]
[White "Don59as"]
[Black "Indianquant"]
[Result "0-1"]
[WhiteElo "2018"]
[BlackElo "2281"]
[Annotator "TA"]
[PlyCount "68"]
[EventDate "2020.05.14"]
[EventType "swiss (blitz)"]

{[%evp 9,68,15,10,-10,-10,0,8,-13,-4,-43,-51,-180,-88,-191,-62,-61,-45,-48,-39,-18,0,0,0,-14,0,-7,7,0,5,-24,-23,-20,-23,-16,-34,-39,-18,-20,47,-175,40,48,40,14,14,14,22,14,46,8,38,13,17,0,0,0,20,20,902,896,834]} 1. c4 e5 2. Nc3 Bb4 3. Nd5 Be7 4. e4 c6 5. Nc3 Bc5 6. g3 {B10: Caro-Kann: 2 d3 and 2 c4.} d6 7. Bg2 f5 8. d3 {The position is equal.} Nf6 9. Nge2 {[#]} fxe4 $146 ({Predecessor:} 9... Be6 10. Qa4 Nbd7 11. b4 Nb6 12. Qb3 Bd4 13. Nxd4 exd4 14. Ne2 d5 15. cxd5 cxd5 16. Nxd4 Qd7 17. O-O O-O {1-0 (35) Mikhailova,L (1949)-Shershnev,A (2010) Vladivostok 2010}) 10. dxe4 {[#]} ({White should try} 10. Nxe4 $15 Nxe4 11. Bxe4) 10... Be6 (10... Ng4 $1 $19 {has better winning chances.} 11. O-O O-O) 11. b3 {[#]} (11. Na4 $17 {was called for.}) 11... O-O (11... Ng4 $1 $19 12. f3 Nf2 {[%mdl 64] Double Attack}) 12. h3 $15 a5 13. O-O $1 Qe7 14. Kh2 Na6 15. f4 exf4 16. Nxf4 Bf7 17. Bb2 Rae8 18. Qd2 Nd7 19. Rae1 Ne5 20. Nce2 Bb4 21. Bc3 Bxc3 22. Qxc3 Nc5 23. Nd4 g6 (23... Qd8 $11) 24. a3 $2 (24. Qxa5 $14 {keeps the upper hand.} Ra8 25. Qd2) 24... Ne6 $2 (24... a4 $19 {Hoping for ...axb3.} 25. b4 Ncd7) 25. Nfxe6 Bxe6 26. Nxe6 Qxe6 27. Qxa5 Nd3 28. Re3 Nc5 29. Qc3 Nd7 30. Rxf8+ Rxf8 31. e5 Nxe5 32. c5 {And now cxd6 would win.} Re8 {Strongly threatening ...Ng4+!} 33. cxd6 Ng4+ $2 {[%mdl 8192]} (33... Qxd6 $11 34. a4 Kg7) 34. hxg4 $18 {White threatens Qc4 and mate.} Qxe3 {[%mdl 32768] Never resign too early! Accuracy: White = 61%, Black = 50%. . Loss on time!?} 0-1

[Event "Stay Safe Play From Home 149"]
[Site "T#646041Emanuel Laske"]
[Date "2020.05.14"]
[Round "1"]
[White "Lazieri3"]
[Black "Ionutn28"]
[Result "1/2-1/2"]
[WhiteElo "1982"]
[BlackElo "1871"]
[Annotator "RC"]
[PlyCount "96"]
[EventDate "2020.05.14"]
[EventType "swiss (blitz)"]

1. e4 {[%emt 0:00:01]} c5 {[%emt 0:00:02]} 2. Nc3 {[%emt 0:00:00]} e6 {[%emt 0:00:01]} 3. d3 {[%emt 0:00:00]} d5 {[%emt 0:00:00]} 4. Nf3 {[%emt 0:00:00]} Nf6 {[%emt 0:00:02]} 5. exd5 {[%emt 0:00:03]} exd5 {[%emt 0:00:01]} 6. d4 {[%emt 0:00:01]} cxd4 {[%emt 0:00:02]} 7. Nxd4 {[%emt 0:00:00]} Nc6 {[%emt 0:00:01]} 8. Bf4 {[%emt 0:00:01]} Bc5 {[%emt 0:00:02]} 9. Nxc6 {[%emt 0:00:02]} bxc6 {[%emt 0:00:00]} 10. Bd3 {[%emt 0:00:01]} O-O {[%emt 0:00:01]} 11. O-O {[%emt 0:00:01]} Bg4 {[%emt 0:00:01]} 12. Be2 {[%emt 0:00:02]} Bxe2 {[%emt 0:00:02]} 13. Nxe2 {[%emt 0:00:00]} Re8 {[%emt 0:00:01]} 14. Ng3 {[%emt 0:00:01]} Ne4 {[%emt 0:00:03]} 15. Nxe4 {[%emt 0:00:01]} Rxe4 {[%emt 0:00:00]} 16. Bg3 {[%emt 0:00:02]} Qe7 {[%emt 0:00:01]} 17. Re1 {[%emt 0:00:02]} Re8 {[%emt 0:00:01]} 18. Rxe4 {[%emt 0:00:01]} Qxe4 {[%emt 0:00:00]} 19. c3 {[%emt 0:00:01]} Qe2 {[%emt 0:00:02]} 20. b4 {[%emt 0:00:01]} Bb6 {[%emt 0:00:02]} 21. a4 {[%emt 0:00:04]} Qxd1+ {[%emt 0:00:02]} 22. Rxd1 {[%emt 0:00:01]} Re2 {[%emt 0:00:01]} 23. a5 {[%emt 0:00:01]} Bd8 {[%emt 0:00:04]} 24. Kf1 {[%emt 0:00:01]} Rc2 {[%emt 0:00:02]} 25. Be5 {[%emt 0:00:02]} f6 {[%emt 0:00:01]} 26. Bd4 {[%emt 0:00:01]} Kf7 {[%emt 0:00:01]} 27. Rd3 {[%emt 0:00:04]} a6 {[%emt 0:00:01]} 28. Bb6 {[%emt 0:00:01]} Be7 {[%emt 0:00:02]} 29. Bd4 {[%emt 0:00:04]} Bd6 {[%emt 0:00:01]} 30. g3 {[%emt 0:00:01]} Rc1+ {[%emt 0:00:01]} 31. Kg2 {[%emt 0:00:01]} Re1 {[%emt 0:00:01]} 32. Re3 {[%emt 0:00:02]} Rxe3 {[%emt 0:00:01]} 33. Bxe3 {[%emt 0:00:00]} Ke6 {[%emt 0:00:01]} 34. Bd4 {[%emt 0:00:01]} Be5 {[%emt 0:00:00]} 35. f4 {[%emt 0:00:02]} Bxd4 {[%emt 0:00:01]} 36. cxd4 {[%emt 0:00:00]} f5 {[%emt 0:00:01]} 37. Kf3 {[%emt 0:00:01]} h5 {[%emt 0:00:03]} 38. h3 {[%emt 0:00:01]} g6 {[%emt 0:00:01]} 39. g4 {[%emt 0:00:00]} hxg4+ {[%emt 0:00:01]} 40. hxg4 {[%emt 0:00:00]} fxg4+ {[%emt 0:00:01]} 41. Kxg4 {[%emt 0:00:01]} Kf6 {[%emt 0:00:00]} 42. Kg3 {[%emt 0:00:01]} Kf5 {[%emt 0:00:00]} 43. Kf3 {[%emt 0:00:00]} g5 {[%emt 0:00:00]} 44. fxg5 {[%emt 0:00:01]} Kxg5 {[%emt 0:00:00]} 45. Kg3 {[%emt 0:00:00]} Kf5 {[%emt 0:00:00]} 46. Kf3 {[%emt 0:00:00]} Kg5 {[%emt 0:00:01]} 47. Kg3 {[%emt 0:00:00]} Kf5 {[%emt 0:00:01]} 48. Kf3 {[%emt 0:00:01]} Kg5 {[%emt 0:00:00] (Lag: Av=0.71s, max=1.0s)} 1/2-1/2

[Event "Stay Safe Play From Home 149"]
[Site "T#646041Emanuel Laske"]
[Date "2020.05.14"]
[Round "1"]
[White "Emresenar"]
[Black "Lamborghini"]
[Result "0-1"]
[WhiteElo "1775"]
[BlackElo "2346"]
[Annotator "TA"]
[PlyCount "34"]
[EventDate "2020.05.14"]
[EventType "swiss (blitz)"]

{[%evp 9,34,-46,-20,-32,-30,-28,-8,-35,-16,-31,-31,-33,-13,-300,-18,-80,-55,-94,-86,-1119,-1141,-1324,-1104,-1206,-1143,-1485,-1189]} 1. g3 d5 2. Bg2 e5 3. b3 Nc6 4. Bb2 Nf6 5. e3 Bc5 6. d3 {A01: Nimzowitsch-Larsen Opening.} Qe7 7. Ne2 Bg4 {[#]} 8. Nd2 $146 {The position is equal.} ({Predecessor:} 8. h3 Bf5 9. Nbc3 O-O-O 10. O-O h5 11. d4 exd4 12. exd4 Bb6 13. Na4 h4 14. Nxb6+ axb6 {0-1 (44) Coope,D (2041)-Spasov,V (2105) ICCF email 2012}) 8... O-O-O 9. h3 Bh5 10. c3 Bg6 $36 {[%mdl 2048] Black is more active.} 11. Qc2 $2 {[%mdl 8192] [#]} (11. b4 $11 {and White is okay.}) 11... Rhe8 $2 (11... d4 $1 $19 {[%cal Rd4e3]} 12. e4 dxc3 13. Qxc3 Nb4) 12. O-O-O (12. a3 $11) 12... a5 13. a4 Kb8 14. c4 $2 {[%mdl 8192]} (14. Rhe1 $17) 14... Nb4 $19 {[%mdl 64] Double Attack. Black is clearly winning.} 15. Qb1 Bxd3 16. Qa1 Bxe2 17. Rdf1 d4 {Accuracy: White = 21%, Black = 75%.} 0-1

[Event "Stay Safe Play From Home 149"]
[Site "T#646041Emanuel Laske"]
[Date "2020.05.14"]
[Round "2"]
[White "Lamborghini"]
[Black "Popovic Milan"]
[Result "0-1"]
[WhiteElo "2347"]
[BlackElo "2671"]
[Annotator "TA"]
[PlyCount "58"]
[EventDate "2020.05.14"]
[EventType "swiss (blitz)"]

{[%evp 11,58,22,30,0,0,0,0,-6,0,0,0,0,0,-13,-18,-14,0,0,0,-10,-12,-16,-13,-243,-243,-282,-104,-283,-197,-204,-164,-154,-124,-126,-31,-278,-267,-243,181,-178,174,-155,-154,-29982,-29983,-29979,-29980,-29997,-558]} 1. e4 c6 2. d4 d5 3. Nc3 dxe4 4. Nxe4 Nf6 5. Nxf6+ exf6 6. Nf3 Bd6 7. h3 {B15: Caro-Kann: 3 Nc3: 3...g6 and 3...dxe4 4 Nxe4 Nf6 5 Nxf6+ exf6.} O-O 8. Be2 Re8 9. O-O {The position is equal.} Nd7 10. c4 Nf8 11. Be3 Ng6 12. Qd2 Be6 13. Rfe1 Qd7 14. Bf1 Rad8 15. Rad1 Bb8 {[#]} 16. a3 $146 ({Predecessor:} 16. Qc1 Qc7 17. Bd3 Qc8 18. Bf1 Qc7 19. Bd3 Nf4 20. Bxf4 Qxf4 21. Qxf4 Bxf4 22. b4 {0-1 (40) Soumya,S (2402)-Girya,O (2457) Shaoxing 2019}) 16... Bf5 17. g3 $2 (17. Qc3 $11 {and White has nothing to worry.}) 17... Bxh3 $19 18. d5 cxd5 $2 (18... Bxf1 $19 {and Black stays clearly on top.} 19. Kxf1 Qh3+ 20. Kg1 h5) 19. cxd5 $2 (19. Qxd5 $17 Qc7 20. Qb5) 19... Bg4 20. Bg2 Qf5 21. Nd4 Qh5 {[#] White must now prevent ...Rxe3.} 22. Rc1 f5 (22... h6 $17 23. f4 Ne7) 23. Bf4 $2 ({White should play} 23. f4 $1 $15) 23... Nxf4 24. gxf4 Bh3 $4 {[%mdl 8192]} (24... h6 $19 {and life is good for Black.} 25. Re3 g5 26. Rxe8+ Rxe8) 25. Rxe8+ $18 Rxe8 {[#]} 26. Bxh3 $2 (26. Qe3 $1 $18 {[%cal Re3e8][%mdl 512]} Kf8 (26... Rxe3 27. Rc8+) 27. Qxh3 Qxh3 28. Bxh3) 26... Qxh3 $40 {[%mdl 128] Black goes for the king.} 27. Nb5 $2 (27. Rc3 $17 Qh4 28. Re3) 27... Qg4+ {[%mdl 64] Double Attack. Black mates.} 28. Kf1 Bxf4 29. Re1 Qh3+ {Accuracy: White = 51%, Black = 54%.} ({And not} 29... Bxd2 30. Rxe8#) 0-1

[Event "Stay Safe Play From Home 149"]
[Site "T#646041Emanuel Laske"]
[Date "2020.05.14"]
[Round "2"]
[White "Mepe_Nika"]
[Black "Weltszmerc"]
[Result "1-0"]
[WhiteElo "2268"]
[BlackElo "2098"]
[Annotator "TA"]
[PlyCount "73"]
[EventDate "2020.05.14"]
[EventType "swiss (blitz)"]

{[%evp 16,72,8,11,65,62,65,29,45,24,32,22,31,30,61,30,165,139,350,33,821,804,751,762,1015,1011,1188,1186,1167,1172,1150,1056,1223,1202,1573,1545,6202,6195,29982,29981,29986,29984,29986,29985,29985,29986,29990,29991,29992,29993,29999,29994,29994,29992,29997,29998,29998,29999,29999]} 1. e4 Nf6 2. Nc3 d5 3. e5 Nfd7 4. f4 e6 5. Nf3 c5 6. d4 Nc6 7. Be3 a6 8. Qd2 b5 9. a3 b4 {C11: French: Classical System: 4 e5 and 4 Bg5 dxe4.} (9... Qb6 $11) 10. axb4 $14 cxb4 11. Nd1 {[#]} a5 $146 {White has an edge.} ({Predecessor:} 11... Nb6 12. b3 a5 13. Nb2 Bd7 14. Bd3 Be7 15. O-O Qc7 16. Bf2 a4 17. Nxa4 Nxa4 18. bxa4 {1-0 (25) Bartel,M (2569)-Bronowicki,M (2338) Illes Medes 2006}) 12. Bd3 Ba6 13. O-O Bxd3 14. Qxd3 g6 15. g4 h5 {[#] Black is now going downhill.} (15... Qc8 $11) 16. f5 $1 $18 {[%cal Rf5e6]} hxg4 $2 (16... exf5 $16 17. gxf5 gxf5) 17. fxe6 $2 (17. fxg6 $18 Qb6 18. Ng5) 17... Qe7 $2 {[%mdl 8192]} (17... gxf3 $14 18. Rxf3 {[#]} (18. exd7+ Qxd7 19. Rxf3 Qg4+ 20. Rg3 Qh4 $11) (18. exf7+ Kxf7 19. Rxf3+ Kg7 $15) 18... Ndxe5 $1 {[%mdl 512]} 19. exf7+ (19. dxe5 fxe6 20. Rf6 Kd7 $17) 19... Ke7 20. dxe5 Nxe5 21. Bg5+ Ke6 22. Bxd8 Nxd3) 18. exd7+ Qxd7 19. Ng5 Nd8 {[#]} 20. e6 $1 Nxe6 21. Rxf7 Qxf7 22. Nxf7 Kxf7 23. Nf2 {[%cal Bd1f2,Bf2g4,Bg4f6][%mdl 32]} g3 24. hxg3 Bd6 25. Ng4 Bxg3 26. Rf1+ Ke7 {[#]} 27. Bg5+ $1 {[%mdl 576] Discovered Attack. White mates.} Kd7 (27... Nxg5 28. Qxg3) 28. Qxg3 Raf8 29. Rxf8 Rxf8 30. Nf6+ Ke7 {[#]} 31. Qe5 $1 Rf7 32. Nxd5+ Kf8 33. Bh6+ Kg8 34. Nf6+ {[%mdl 64] Discovered Attack} Kh8 35. Qxe6 Rf8 36. Bxf8 {[%cal Re6h3]} g5 37. Qh3# {Accuracy: White = 71%, Black = 27%.} 1-0

[Event "Stay Safe Play From Home 149"]
[Site "T#646041Emanuel Laske"]
[Date "2020.05.14"]
[Round "2"]
[White "Little champs"]
[Black "Indianquant"]
[Result "0-1"]
[WhiteElo "2140"]
[BlackElo "2287"]
[Annotator "TA"]
[PlyCount "62"]
[EventDate "2020.05.14"]
[EventType "swiss (blitz)"]

{[%evp 11,62,26,32,-27,14,0,-4,0,0,-14,-9,0,0,-33,-33,-72,-77,-78,-80,-85,-41,-40,-32,-43,-33,-59,-50,-47,-39,-85,-55,-50,-38,-143,-139,-142,-145,-161,-137,-194,-166,-157,-153,-29987,-29988,-29989,-29990,-29990,-29991,-29991,-29992,-29998,-29999]} 1. d4 Nf6 2. g3 e6 3. Bg2 d5 4. Nf3 b5 5. O-O Nbd7 6. a4 b4 7. c3 {D02: 1 d4 d5 2 Nf3 sidelines, including 2...Nf6 3 g3 and 2...Nf6 3 Bf4.} (7. c4 $14) 7... bxc3 8. bxc3 Ba6 9. Re1 {The position is equal.} Be7 {[#]} 10. Ne5 $146 ({Predecessor:} 10. Ba3 O-O 11. Ne5 Nxe5 12. dxe5 Nd7 13. e4 c6 14. Qd4 Nb6 15. Bc5 Nc4 16. Na3 Bxc5 17. Qxc5 {0-1 (39) Vuilleumier,A (2384)-Delorme,A (2502) Drancy 2016}) 10... Nxe5 11. dxe5 Nd7 12. f4 O-O 13. e4 c6 14. exd5 {[#] d6 is the strong threat.} cxd5 15. Be3 Nb6 16. Nd2 Nc4 17. Nxc4 Bxc4 18. Kh1 Qc7 19. Bd4 Rab8 20. Qh5 g6 21. Qh6 Rfc8 (21... Rfe8 {looks sharper.} 22. g4 Bf8 23. Qh3 Rb2 24. f5 a5) 22. Qh3 (22. g4 $15) 22... Bc5 $17 23. f5 Bxd4 24. cxd4 exf5 25. e6 (25. g4 $17) 25... fxe6 26. Rxe6 {[#]} Re8 $1 {[%cal Re8e6]} 27. Rae1 $2 {Loses the game.} (27. Rxe8+ $17 Rxe8 28. Qh6) 27... Rxe6 {[%mdl 64] Overworked Piece. Black mates.} 28. Rxe6 Rb1+ 29. Bf1 Bxf1 30. Re8+ Kg7 31. Qh4 Bh3+ {Accuracy: White = 42%, Black = 82%.} 0-1